Statistiken für Top 15 der betroffenen Covid-19-Länder - 20. April 2022

Klicken Sie hier um das Quiz zu spielen!

Allgemein

  • Dieses Quiz wurde 16 mal gespielt
  • Das Durchschnittsergebnis liegt bei 16 aus 29

Antwortstatistiken

Land% Korrekt
Deutschland
100%
Vereinigte
Staaten
100%
Indien
94%
Italien
94%
Spanien
94%
Brasilien
81%
Frankreich
81%
Russland
75%
Vereinigtes
Königreich
75%
Niederlande
69%
Niederlande
69%
Schweiz
69%
Belgien
63%
Japan
56%
Türkei
56%
Argentinien
50%
Österreich
50%
Portugal
50%
Südkorea
38%
Dänemark
31%
Tschechien
31%
Vietnam
31%
Estland
19%
Lettland
19%
Litauen
19%
Slowenien
19%
Georgien
13%
Israel
13%
Zypern
13%

Verteilung der Resultate

Perzentil nach korrekt beantworteten Fragen

Anzahl Personen mit jedem Resultat

Ihre Resultats-Entwicklung

Sie haben dieses Quiz noch nicht gespielt